Democracia, gobernabilidad e identidades sociales. Las Ciencias Sociales hacia el siglo XXI: problematización y respuestas. Memorias

Guardado en:
Bibliografiske detaljer
Institution som forfatter: Universidad de Cuenca. Instituto de Investigaciones Científicas. Departamento de Cultura
Format: Texto
Udgivet: Cuenca: 21 Ediciones
Fag:
Tags: Tilføj Tag
Ingen Tags, Vær først til at tagge denne postø!

MARC

LEADER 00000 a a2200000 04500
001 19155
003
040
090 |a 145300  
110 |a Universidad de Cuenca. Instituto de Investigaciones Científicas. Departamento de Cultura  
245 |a Democracia, gobernabilidad e identidades sociales. Las Ciencias Sociales hacia el siglo XXI: problematización y respuestas. Memorias  
260 |a Cuenca:   |b 21 Ediciones  
300 |a 195 p.; vol. 2  
650 |a CIENCIAS SOCIALES  
650 |a DEMOCRACIA  
650 |a GOBERNABILIDAD  
999 |c 15368  |d 15368